| 000 | 00417nam a2200145Ia 4500 | ||
|---|---|---|---|
| 008 | 220214s9999 xx 000 0 und d | ||
| 022 | _a0530-0495 | ||
| 245 | 0 | _aCOIR | |
| 260 |
_bThe Coir Board, Cochin _aIndia |
||
| 310 | _aQ | ||
| 500 | _aEnding Volume & Year: 33, 1989 | ||
| 500 | _aMissing Volume: 6;11-14;16-19;23(3);24(2);26(3-4);28(1);29;31;33(2) | ||
| 500 | _aStarting Volume & Year: 1, 1956 | ||
| 942 | _cBJ | ||
| 999 |
_c17319 _d17319 |
||